00511nam a2200157 a 450000500170000000800410001702000180005805000230007610000210009924500740012026000470019430000210024152100070026265000390026965000450030820140310183549.0110930s19uu xx 00 eng d a9781444332353 aJK 2281b.M33 2011 aMaarek, Philippe aCampaign communication and political marketing /cPhilippe J. Maarek. aUnited Kingdom :bWiley- Blackwell,c2011. a268 p. :c24 cm. aMC aPolitical campaignsxUnited States aCommunication in politicsxUnited States